| 000 | 00936nam0a22002651 4500 | ||
|---|---|---|---|
| 001 | rc\4774486 | ||
| 005 | 20260406153341.0 | ||
| 021 |
_aRU _b[61-68758] |
||
| 035 | _a(NLR Aleph) 009001846 | ||
| 090 |
_a9312165 _c9312165 |
||
| 100 | _a20130417d1961 |||y0rusy50 ca | ||
| 101 | 0 | _arus | |
| 102 | _aRU | ||
| 105 | _ay z |||a| | ||
| 200 | 1 |
_aОдна любовь _eСтихотворения |
|
| 210 |
_aЛенинград _cЛениздат _d1961 |
||
| 215 |
_a84 с. _d14 |
||
| 327 | 1 | _aСодерж.: Цикл: Простые радости; Одна любовь. Поэма | |
| 464 | 0 |
_12001#$aПростые радости$aОдна любовь$eПоэма _tОдна любовь |
|
| 700 | 1 |
_8rus _7ca _aОрлов _bС. С. _cпоэт _f1921-1977 _gСергей Сергеевич _3RU\NLR\AUTH\776319 _9116273 |
|
| 801 | 0 |
_aRU _bNLR _gpsbo |
|
| 801 | 1 |
_aRU _bELAR _2rusmarc |
|
| 852 |
_aNLR _j61-1/1135 |
||
| 942 | _cBOOK | ||
| 980 | _aNB | ||